Представление документа в формате RUSMARC

ПолеНазваниеЗначение
  Тип записи c
  Библиографический уровень m
001 Контрольный номер RU/УОНБ/EK_N/322862044
005 Дата корректировки 20250520122517.2
010 Индекс ISBN __
9 Тираж 20000 экз.
013 Номер (ISMN) __
a Номер (ISMN) 5-85285-035-7
d Цена 1 р. 20 к.
071 Издательские номер (звукозапись и ноты) 21
a Номер, присвоенный агентством 7850
100 Данные общей обработки __
a Данные общей обработки 20191126d1988 u y0rusy0103||||ca
101 Язык документа 0_
a Язык текста rus
f Язык титульного листа rus
102 Страна публикации __
a Страна публикации RU
125 Кодированные данные звукозаписи и нотных изданий __
a Форма изложения нотного текста z|
128 Кодированные данные (звукозаписи-физические характеристики) __
a Кодированные данные: Музыкальная форма и тональность или лад fm
c Инструменты или голоса, рекомендуемые для солистов (устаревшее) vu||
200 Заглавие и сведения об ответственности 1_
a Заглавие Дождик, дождик, перестань!
b Общее обозначение материала Ноты
e Сведения, относящиеся к заглавию рус. нар. дет. муз. творчество
e Сведения, относящиеся к заглавию [для голоса без сопровожд.]
f Первые сведения об ответственности Г. Науменко
g Последующие сведения об ответственности запись, нотация, сост. и примеч. Г. Науменко
g Последующие сведения об ответственности вступ. ст. Г. Науменко, Г. Якуниной
210 Выходные данные 1_
a Место издания Москва
c Издательство Советский композитор
d Дата издания 1988
215 Физическое описание __
a Объем 192 с.
c Иллюстрации/тип воспроизводства фот.
d Формат 25 см
327 Примечание о содержании 01
a Примечание о содержании Содерж. : Календарный фольклор : Календарные песни ; Заклички ; Приговорки. - Потешный фольклор : Прибаутки, небылицы ; Дразнилки. - Игровой фольклор : Считалки, игры.
512 Заглавие обложки 1_
a Заглавие обложки Дождик, дождик, перестань!
600 Персоналии _1
a Персоналии (Фамилия) Науменко, Георгий Маркович
606 Тематические рубрики 0_
a Основная рубрика Русские народные песни для детей
610 Ключевые слова 0_
a Ключевые слова русские народные песни и потешки
610 Ключевые слова 0_
a Ключевые слова Науменко Г. М.
686 Индексы других классификаций __
a Классификационный индекс 85.92(2)
2 Код системы rubbk
700 Автор _1
a Фамилия Науменко
b Имя (инициалы) Г. М.
g Полное личное имя Георгий Маркович
702 Вторичная интеллектуальная ответственность _1
a Фамилия Науменко
b Имя (инициалы) Г. М.
4 Код отношения 080
4 Код отношения 220
702 Вторичная интеллектуальная ответственность _1
a Фамилия Якунина
b Имя (инициалы) Г.
4 Код отношения 080
801 Источник записи _0
a Страна RU
b Организация Ульяновская ОНБ
c Дата составления 20191126
g Правила каталогизации PSBO
801 Источник записи _1
a Страна RU
b Организация Ульяновская ОНБ
c Дата составления 20191126
901 Тип документа __
t Тип документа m
909 Создатель записи __
a Создатель записи Грязнова И. Е.
938 Служебная информация __
a Имя БД noti
b Имя библиотеки УОНБ
c Имя АИБС МАРК-SQL
d Номер DOC_ID в БД 3766